LEADER 02369nas 2200565-a 450 001 996206277103316 005 20240116213021.0 011 $a1873-2011 035 $a(DE-599)ZDB2025568-8 035 $a(OCoLC)44450804 035 $a(CKB)954926252629 035 $a(CONSER)--2003233323 035 $a(EXLCZ)99954926252629 100 $a20000621a19839999 s-- a 101 0 $aeng 135 $aurmnu|||||||| 181 $ctxt$2rdacontent 182 $cc$2rdamedia 183 $acr$2rdacarrier 200 10$aComputers and composition 210 $aNorwood, N.J. $cAblex 300 $aRefereed/Peer-reviewed 300 $aPublished: [Amsterdam] : Elsevier Sicence, <1999-> 300 $a"An international journal for teachers of writing." 311 $a8755-4615 531 $aCOMPUTERS AND COMPOSITION A JOURNAL FOR TEACHERS OF WRITING 531 $aCOMPUTERS & COMPOSITION 606 $aEnglish language$xComputer-assisted instruction$vPeriodicals 606 $aEnglish language$xComposition and exercises$vPeriodicals 606 $aEnglish language$xComputer-assisted instruction$xPeriodicals 606 $aEnglish language$xComposition and exercises$xPeriodicals 606 $aAnglais (Langue)$xEnseignement assisté par ordinateur$xPériodiques 606 $aAnglais (Langue)$xComposition et exercices$xPériodiques 606 $aAnglais (Langue)$xComposition et exercices$vPériodiques 606 $aEnglish language$xComposition and exercises$2fast$3(OCoLC)fst00911010 606 $aEnglish language$xComputer-assisted instruction$2fast$3(OCoLC)fst00911052 608 $aPeriodicals.$2fast 615 0$aEnglish language$xComputer-assisted instruction 615 0$aEnglish language$xComposition and exercises 615 0$aEnglish language$xComputer-assisted instruction$xPeriodicals. 615 0$aEnglish language$xComposition and exercises$xPeriodicals. 615 6$aAnglais (Langue)$xEnseignement assisté par ordinateur$xPériodiques. 615 6$aAnglais (Langue)$xComposition et exercices$xPériodiques. 615 6$aAnglais (Langue)$xComposition et exercices 615 7$aEnglish language$xComposition and exercises. 615 7$aEnglish language$xComputer-assisted instruction. 906 $aJOURNAL 912 $a996206277103316 996 $aComputers and composition$92035061 997 $aUNISA LEADER 01702nam 2200421 450 001 9910828053403321 005 20230803214911.0 010 $a2-335-01474-9 035 $a(CKB)3790000000023773 035 $a(EBL)2086981 035 $a(MiAaPQ)EBC2086981 035 $a(Au-PeEL)EBL2086981 035 $a(OCoLC)914148380 035 $a(EXLCZ)993790000000023773 100 $a20200120d2014 uy d 101 0 $afre 135 $aur|n|---||||| 181 $ctxt$2rdacontent 182 $cc$2rdamedia 183 $acr$2rdacarrier 200 13$aLe Me?decin volant /$fMolie?re 210 1$a[Place of publication not identified] :$cLigaran,$d[2014] 210 4$d©2014 215 $a1 online resource (61 p.) 300 $aDescription based upon print version of record. 327 $aCouverture; Page de Copyright; Page de titre; Personnages; Sce?ne I; Sce?ne II; Sce?ne III; Sce?ne IV; Sce?ne V; Sce?ne VI; Sce?ne VII; Sce?ne VIII; Sce?ne IX; Sce?ne X; Sce?ne XI; Sce?ne XII; Sce?ne XIII; Sce?ne XIV; Sce?ne XV; Sce?ne dernie?re 330 $a L'intrigue des seize sce?nes du Me?decin volant est calque?e sur un sche?ma traditionnel italien, le the?me du « medico volante » que l'on retrouve dans plusieurs pie?ces de la commedia dell'arte, et qui est ici associe? a? une structure he?rite?e de la tradition de la farce franc?aise. 606 $aFrench drama$y17th century 615 0$aFrench drama 676 $a842.408 700 $aMolie?re$f1622-1673,$0389055 801 0$bMiAaPQ 801 1$bMiAaPQ 801 2$bMiAaPQ 906 $aBOOK 912 $a9910828053403321 996 $aLe Me?decin volant$93918181 997 $aUNINA